[Event "Sao Bernardo do Campo LXSBC op"]
[Site "Sao Bernardo do Campo"]
[Date "2012.05.20"]
[Round "6"]
[White "Gotz, Klaus Seiji Furucho"]
[Black "Machado, Fernando de Carvalh"]
[Result "1-0"]
[WhiteElo "1975"]
[BlackElo "1846"]
[PlyCount "77"]
[EventDate "2012.05.18"]
[EventType "swiss"]
[EventRounds "6"]
[EventCountry "BRA"]
[SourceTitle "EXT 2014"]
[Source "ChessBase"]
[SourceDate "2013.11.20"]
[SourceVersion "1"]
[SourceVersionDate "2013.11.20"]
[SourceQuality "1"]

1. d4 Nf6 2. c4 d6 3. Nc3 e5 4. d5 g6 5. e4 Bg7 6. Be2 0-0 7. Bg5 Nbd7 8. Qd2 Re8 9. g4 Nf8 10. f3 c6 11. h4 h5 12. gxh5 gxh5 13. Nh3 Bxh3 14. Rxh3 Qd7 15. Rg3 Ng6 16. Kf2 cxd5 17. cxd5 a6 18. Rag1 Kf8 19. Bh6 Bxh6 20. Qxh6+ Ke7 21. Rxg6 fxg6 22. Qg7+ Kd8 23. Qxf6+ Kc7 24. Rxg6 Rg8 25. Qe6 Rxg6 26. Qxg6 Qh3 27. Qg3 Qd7 28. Bf1 Qf7 29. Bh3 Rg8 30. Be6 Rxg3 31. Bxf7 Rh3 32. Kg2 Rxh4 33. Ne2 Kb6 34. b3 Kc5 35. a3 a5 36. Be6 b5 37. Bh3 Rf4 38. Nxf4 exf4 39. Bd7 1-0